cidades homônimas a capitais de estado - Statistics

Estatísticas Gerais
  • Esse quiz foi jogado 15 vezes
  • A pontuação média é 6 de 6
Estatísticas das Respostas
estado Resposta % Correto
Alagoas Campo Grande
100%
Rio Grande do Norte Campo Grande
100%
Paraná Palmas
92%
Mato Grosso Rio Branco
92%
Alagoas Belém
85%
Paraíba Belém
85%
Nenhum quiz correspondente encontrado
Distribuição das Pontuações
Porcentagem de Pessoas com Cada Pontuação
Percentil de Números Respondidos
Sua Pontuação Histórica
Você não jogou esse quiz